| 000 | 00425nam a22001577a 4500 | ||
|---|---|---|---|
| 003 | MPLRDC | ||
| 005 | 20220104172444.0 | ||
| 008 | 210129b ||||| |||| 00| 0 eng d | ||
| 082 | _a308.1 GRO v.4 | ||
| 100 | _aGROLIER INCORPORATED | ||
| 245 |
_aTHE BOOK OF POPULAR SCIENCE, VOLUMN 4 _c |
||
| 260 |
_a _bGROLIER INCORPORATED _c1962 |
||
| 300 | _b精 | ||
| 650 | _a科学一般调查及纪行录 | ||
| 942 |
_cBK _o308.1 GRO v.4 |
||
| 999 |
_c58951 _d58941 |
||